| 000 | 00361nam a2200145Ia 4500 | ||
|---|---|---|---|
| 008 | 220204s9999 xx 000 0 und d | ||
| 082 |
_a575 _bMUL |
||
| 100 | _aMULLER, H J | ||
| 245 | 0 | _aStudies iin genetics: The selected papers | |
| 260 |
_aCalcutta _bOxford&IBH _c1969 |
||
| 650 | _aGene mutation | ||
| 650 | _aGenetics | ||
| 650 | _aHeredity | ||
| 942 | _cBK | ||
| 999 |
_c23099 _d23099 |
||